Wini Pu regala su miel
Saved in:
| Main Author: | |
|---|---|
| Format: | Book |
| Language: | Spanish |
| Published: |
Buenos Aires
Walt Disney
1989
|
| Series: | Colección mis Animalitos
|
| Subjects: | |
| Tags: |
Add Tag
No Tags, Be the first to tag this record!
|
MARC
| LEADER | 00000nam a2200000 a 4500 | ||
|---|---|---|---|
| 001 | UCW5615 | ||
| 003 | CL-VaPUC | ||
| 008 | 910613e19890000AG |||||||||||||||||spa|d | ||
| 082 | 0 | 4 | |a 808.068 |b DIS |2 21 |
| 100 | |a Disney, Walt |e author |9 266423 | ||
| 245 | 1 | 0 | |a Wini Pu regala su miel |
| 300 | |a 8 p | ||
| 942 | |c BK | ||
| 945 | |d 19910613 00:00:00 | ||
| 260 | |a Buenos Aires |b Walt Disney |c 1989 | ||
| 650 | 0 | |a Cuentos infantiles |9 308044 | |
| 650 | 0 | |a Literatura infantil |9 307465 | |
| 583 | |a last modification |c 20120531 09:26:27 |k Rodrigo Vera | ||
| 490 | 0 | |a Colección mis Animalitos | |
| 999 | |c 218989 |d 218987 | ||